| 000 | 00874nam a2200229Ia 4500 | ||
|---|---|---|---|
| 001 | 2686 | ||
| 003 | GE_BSU | ||
| 008 | 181216s||||||||xx |||||||||||||| ||und|| | ||
| 020 | _a97899410300792 | ||
| 040 | _cGE_BSU | ||
| 080 | _a657(075.8)+65.6–051(0–75.8) | ||
| 100 | _aსახოკია, გიორგი; ანანიძე, ჯემალ; ანანიძე, გიორგი; სახოკია, გ; | ||
| 245 | _aბუღალტერული აღრიცხვა და აუდიტი. | ||
| 245 | _bდამხმარე სახემძღვანელო | ||
| 260 | _aთბილისი | ||
| 260 | _bგეორგიკა | ||
| 260 | _c2010 | ||
| 300 | _a571 გვ. | ||
| 541 | _h20 ლ. | ||
| 653 | _aბუღალტერული აღრიცხვა და აუდიტი. | ||
| 942 | _cBK | ||
| 999 |
_c36749 _d36749 |
||